000 01159nam a2200337 i 4500
001 000048985
003 DO-SdBNP
005 20260601111909.0
007 ta
008 190528s2015 dr r 000 0 spa d
020 _a9789945496284
040 _aDO-SdBNP
_bspa
_cBNPHU
_erda
041 _aspa
082 4 _a173
_bP795r
_222
100 1 _aPonciano, Doris,
_d1959-
_eautor
_4aut.
_968407
245 1 4 _aLos rostros de la infidelidad :
_bvolumen para mujeres /
_cDoris Ponciano ; prólogo, Yira Vermenton ; ilustración, Evelyn Yege.
264 1 _aSanto Domingo :
_bPrimada Digital,
_c2015.
300 _a67 páginas ;
_c23 cm.
336 _atexto
_btxt
_2rdacontent
337 _asin mediación
_bn
_2rdamedia
338 _avolumen
_bnc
_2rdacarrier
500 _aIncluye datos biográficos del autor en las solapas
590 _aInventariado, 2019/MFF
650 0 _aInfidelidad
_91268
650 7 _aParejas
_91477
_2LIBRUNAM
650 7 _aConducta de vida
_911947
_2LIBRUNAM
700 1 _aVermenton, Yira,
_eprologuista
_4pr.
_976415
700 1 _aYege, Evelyn,
_eilustrador
_4il.
_976414
910 _aValidado. Control de calidad MFF
942 _2ddc
_cLBS1
999 _c48473
_d48473